The Armenian genocide : (Record no. 167138)
[ view plain ]
| 000 -LEADER | |
|---|---|
| fixed length control field | 00557nam a2200193 u 4500 |
| 001 - CONTROL NUMBER | |
| control field | 000459346 |
| 003 - CONTROL NUMBER IDENTIFIER | |
| control field | AM-YeHGA |
| 005 - DATE AND TIME OF LATEST TRANSACTION | |
| control field | 20250617133543.0 |
| 008 - FIXED-LENGTH DATA ELEMENTS--GENERAL INFORMATION | |
| fixed length control field | 051021s|||| ||||||||r|||||000|0|eng|d |
| 040 ## - CATALOGING SOURCE | |
| Original cataloging agency | AM-YeHGA |
| 041 0# - LANGUAGE CODE | |
| Language code of text/sound track or separate title | eng |
| 090 ## - LOCALLY ASSIGNED LC-TYPE CALL NUMBER (OCLC); LOCAL CALL NUMBER (RLIN) | |
| -- | 168567 |
| 100 1# - MAIN ENTRY--PERSONAL NAME | |
| Personal name | Տատրյան, Վահագն Հակոբի, |
| Dates associated with a name | 1926- |
| 245 10 - TITLE STATEMENT | |
| Title | The Armenian genocide : |
| Remainder of title | An interpretation / |
| Statement of responsibility, etc. | Vahakn N. Dadrian. |
| 260 ## - PUBLICATION, DISTRIBUTION, ETC. | |
| Place of publication, distribution, etc. | S.l. : |
| Name of publisher, distributor, etc. | S.n., |
| Date of publication, distribution, etc. | s.d. |
| 300 ## - PHYSICAL DESCRIPTION | |
| Extent | 51 p. |
| 504 ## - BIBLIOGRAPHY, ETC. NOTE | |
| Bibliography, etc. note | Includes bibliogr. references |
| 650 14 - SUBJECT ADDED ENTRY--TOPICAL TERM | |
| Topical term or geographic name entry element | Ցեղասպանություն |
| Geographic subdivision | Armenia |
| Withdrawn status | Lost status | Damaged status | Not for loan | Collection | Home library | Current library | Date acquired | Total checkouts | Full call number | Barcode | Date last seen | Price effective from | Koha item type | Public note |
|---|---|---|---|---|---|---|---|---|---|---|---|---|---|---|
| General | Fundamental Scientific Library | Fundamental Scientific Library | 28/12/2016 | 947.925"1915" | 320112606 | 28/12/2016 | 28/12/2016 | Գրքեր / Books | 30 Days Loan | |||||
| General | Fundamental Scientific Library | Fundamental Scientific Library | 28/12/2016 | 947.925"1915" | 320112607 | 28/12/2016 | 28/12/2016 | Գրքեր / Books | 30 Days Loan |
ՀՀ Գիտությունների ազգային ակադեմիայի հիմնարար գիտական գրադարան = Fundamental Scientific Library of NAS RA
All site content, except where otherwise noted, is licensed under a